000 00733nam a2200217Ia 4500
003 OSt
005 20260115164922.0
008 220923b |||||||| |||| 00| 0 eng d
020 _a9789004221581
037 _cGeneral Book
040 _aRTL
_cRTL
_beng
041 _2eng
_aeng
084 _aY:413.4.N50<-K00, Q2
_qRTL
100 _aDerks Hans
_927748
245 0 _aHistory of the opium problem: the assault on the East, ca.1600-1950
260 _aBoston
_bBrill
_c2012
300 _axxvi, 824 p.
_bIncludes bibliographical references and index.
650 _aSociology
_9875984
942 _hY:413.4.N50<-K00, Q2
_cGB
_2CC
_n0
999 _c487805
_d487805